<?xml version="1.0" encoding="UTF-8"?><?xml-stylesheet type="text/xsl" href="static/style.xsl"?><OAI-PMH xmlns="http://www.openarchives.org/OAI/2.0/" xmlns:xsi="http://www.w3.org/2001/XMLSchema-instance" xsi:schemaLocation="http://www.openarchives.org/OAI/2.0/ http://www.openarchives.org/OAI/2.0/OAI-PMH.xsd"><responseDate>2026-06-02T10:39:19Z</responseDate><request verb="GetRecord" identifier="oai:riuma.uma.es:10630/8513" metadataPrefix="marc">https://riuma.uma.es/rest/oai/request</request><GetRecord><record><header><identifier>oai:riuma.uma.es:10630/8513</identifier><datestamp>2026-02-03T12:06:42Z</datestamp><setSpec>com_10630_2254</setSpec><setSpec>col_10630_37959</setSpec></header><metadata><record xmlns="http://www.loc.gov/MARC21/slim" xmlns:dcterms="http://purl.org/dc/terms/" xmlns:doc="http://www.lyncode.com/xoai" xmlns:xsi="http://www.w3.org/2001/XMLSchema-instance" xsi:schemaLocation="http://www.loc.gov/MARC21/slim http://www.loc.gov/standards/marcxml/schema/MARC21slim.xsd">
   <leader>00925njm 22002777a 4500</leader>
   <datafield ind2=" " ind1=" " tag="042">
      <subfield code="a">dc</subfield>
   </datafield>
   <datafield ind2=" " ind1=" " tag="720">
      <subfield code="a">Chirivella, Mariano</subfield>
      <subfield code="e">author</subfield>
   </datafield>
   <datafield ind2=" " ind1=" " tag="260">
      <subfield code="c">2014-12-03</subfield>
   </datafield>
   <datafield ind2=" " ind1=" " tag="520">
      <subfield code="a">El conferenciante expuso el desarrollo y la situación actual del turismo rural en la Isla de Gran Canaria, comenzando por sus orígenes, muy recientes al ser un destino conocido y deseado por sus características de sol y playa. &#xd;
Los comienzos fueron difíciles, tanto por la demanda que ignoraba el interior de la isla, como por los propios oferentes, nada preparados como emprendedores de esta tipología turística. De hecho fueron los peninsulares, menos propensos a los atractivos litorales, los primeros que se interesaron por el interior.&#xd;
Después de una primera fase apoyada por la apertura de oficinas de información en el interior y de las acciones de las figuras europeas de los Leader y los Prodes, cuando la propia administración se interesó por regular esta actividad en sus diferentes aspectos.&#xd;
Consecuencia de ello es el crecimiento de esta actividad hasta los momentos actuales cuya problemática principal se centra en los temas de su propia sostenibilidad y que se propone un crecimiento selectivo.</subfield>
   </datafield>
   <datafield ind1="8" ind2=" " tag="024">
      <subfield code="a">http://hdl.handle.net/10630/8513</subfield>
   </datafield>
   <datafield tag="653" ind2=" " ind1=" ">
      <subfield code="a">Turismo rural</subfield>
   </datafield>
   <datafield ind2="0" ind1="0" tag="245">
      <subfield code="a">El turismo rural en Las Palmas de Gran Canaria</subfield>
   </datafield>
</record>
</metadata></record></GetRecord></OAI-PMH>